Meine Tochter und ich
Uloženo v:
| Hlavní autor: | |
|---|---|
| Médium: | Kniha |
| Jazyk: | Undetermined |
| Vydáno: |
Tokyo
Japanisch-Deutsche Gesellschsft e.V.
1968
|
| Tagy: |
Přidat tag
Žádné tagy, Buďte první, kdo otaguje tento záznam!
|
| Thư viện lưu trữ: | Trung tâm Học liệu Trường Đại học Cần Thơ |
|---|
| LEADER | 00452nam a2200169Ia 4500 | ||
|---|---|---|---|
| 001 | CTU_113204 | ||
| 008 | 210402s9999 xx 000 0 und d | ||
| 082 | |a 915.2 | ||
| 082 | |b B942/Vol.2 | ||
| 100 | |a Bunroku, Shishi | ||
| 245 | 0 | |a Meine Tochter und ich | |
| 245 | 0 | |c Shishi Bunroku | |
| 260 | |a Tokyo | ||
| 260 | |b Japanisch-Deutsche Gesellschsft e.V. | ||
| 260 | |c 1968 | ||
| 904 | |i Minh | ||
| 980 | |a Trung tâm Học liệu Trường Đại học Cần Thơ | ||